Readings in Catechetics: (Record no. 216634)

MARC details
000 -LEADER
fixed length control field 00666nam a22001937a 4500
005 - DATE AND TIME OF LATEST TRANSACTION
control field 20260612164548.0
010 ## - LCCN (DPL NO)
LC control number ENG-148834
020 ## - INTERNATIONAL STANDARD BOOK NUMBER
Terms of availability 900.00
International Standard Book Number 9788119664887
035 ## - SYSTEM CONTROL NUMBER
System control number EN-132366
037 ## - SOURCE OF ACQUISITION
Source of stock number/acquisition DBAD
082 ## - DEWEY DECIMAL CLASSIFICATION NUMBER
Classification number 268
Edition number 1
100 ## - MAIN ENTRY--PERSONAL NAME
Personal name Choondal, Gilbert
245 ## - TITLE STATEMENT
Title Readings in Catechetics:
Remainder of title A Complete Resource Book/
Statement of responsibility, etc Gilbert Choondal
250 ## - EDITION STATEMENT
Edition statement 1
260 ## - PUBLICATION, DISTRIBUTION, ETC. (IMPRINT)
Name of publisher, distributor, etc ATC Publishers
Place of publication, distribution, etc Bengaluru
Date of publication, distribution, etc 2024
270 ## - ADDRESS
Address St's Mary Block, Archdiocesan,Pastoral Center,#5, Nandidurga Road,Benson Town
City Bengaluru
Postal code 560046
Telephone number +918025491999
-- 7090100444
Electronic mail address info@atcpublishers.com
300 ## - PHYSICAL DESCRIPTION
Extent 617p.
Dimensions 21cm(pb)
942 ## - ADDED ENTRY ELEMENTS (KOHA)
Source of classification or shelving scheme Dewey Decimal Classification
Item type English Books
Classification part 268
Call number suffix CHO
Holdings
Withdrawn status Lost status Not for loan Collection code Home library Current library Date acquired Source of acquisition Cost, normal purchase price Full call number Barcode Copy number Cost, replacement price Koha item type
    Not For Loan Non-fiction D.B.Act.Division D.B.Act.Division 12/06/2026 Delivery of Books Act Division 900.00 268 CHO EN-132366 1 900.00 English Books

© Delhi Public Library
Hit Counter
free hit counter